| 000 | 00961nam a22002177a 4500 | ||
|---|---|---|---|
| 999 |
_c17742 _d17742 |
||
| 003 | AR-CdUCM | ||
| 008 | 190509b ||||| |||| 00| 0 spa d | ||
| 040 |
_aMUNICIPALIDAD PROVINCIAL DEL CUSCO _cBIBLIOTECA MUNICIPAL DEL CUSCO |
||
| 041 | _heng | ||
| 082 |
_22ed. _a332.67 / _bN96 |
||
| 100 |
_aNurkse, Reganar _937898 |
||
| 245 | _aProblemas de formación de capital en los países insuficientemente desarrollados / | ||
| 260 |
_aMexico : _bFondo de Cultura Económica, _c1960. |
||
| 300 |
_a172 páginas ; _c22 cm. |
||
| 505 | _aContenido: La magnitud del mercado y el estimulo a la inversa -- Población y oferta de capital -- El nivel de vida y la capacidad de ahorro -- Fuentes externas de capital -- Publica comercial y formación de capital ... | ||
| 650 |
_aInversiones y desarrollo económico _937899 |
||
| 650 |
_aFormación de capital _937900 |
||
| 700 |
_aChávez, Martha (traductora) _937901 |
||
| 942 |
_2ddc _cLIBROS |
||
| 945 |
_aacv _d2019-05-09 |
||